Serie A - Statistics

Statistiche generali
  • Questo quiz è stato fatto 83 volte
  • Il punteggio medio è 20 su 20
Statistiche sulle risposte
con Immagini Risposta % Corretto
atalanta
100%
bologna
100%
cagliari
99%
genoa
99%
inter
99%
juventus
99%
lazio
99%
milan
99%
napoli
99%
roma
99%
empoli
97%
fiorentina
97%
frosinone
97%
lecce
97%
monza
97%
torino
97%
udinese
97%
verona
97%
sassuolo
96%
salernitana
91%
Nessun quiz corrispondente trovato
Distribuzione punteggi
Percentuale di utenti per punteggio
Percentile per numero di risposta
I tuoi punteggi nel tempo
Non hai fatto questo quiz